000
00368nam a22001217a 4500
040
_c
HS
082
_a
333
100
_a
រតន៍ សិទ្ធិ
245
_a
បរិស្ថាន និងការអភិវឌ្ឍន៍ដោយនិរន្តភាព
260
_a
Cambodia
_b
រតន៍ សិទ្ធិ
_c
2006
300
_a
136p;
942
_c
KB
999
_c
9331
_d
9331